书目信息 |
| 题名: |
越狱传奇
|
|
| 作者: | 张端 , 亚梅 , 文华 著 | |
| 分册: | ||
| 出版信息: | 北京 中国工人出版社 2009.01 |
|
| 页数: | 229页 | |
| 开本: | 24cm | |
| 丛书名: | ||
| 单 册: | ||
| 中图分类: | I247.8 | |
| 科图分类: | ||
| 主题词: | 故事--gu shi--中国--现代--选集 | |
| 电子资源: | ||
| ISBN: | 978-7-5008-4170-8 | |
| 000 | 01018nam0 2200277 450 | |
| 001 | 012009547883 | |
| 005 | 20091128113327.32 | |
| 010 | @a978-7-5008-4170-8@dCNY26.00 | |
| 100 | @a20091128d2009 em y0chiy0120 ea | |
| 101 | 0 | @achi |
| 102 | @aCN@b110000 | |
| 105 | @ay z 000fy | |
| 106 | @ar | |
| 200 | 1 | @a越狱传奇@Ayue yu chuan qi@d= The legend of prison break@e史上最经典的28个越狱故事@f张端, 亚梅, 文华著@Fzhang duan,ya mei,wen hua zhu@zeng |
| 210 | @a北京@c中国工人出版社@d2009.01 | |
| 215 | @a229页@d24cm | |
| 330 | @a本书讲述的是监狱和罪犯的故事。其中既有真实的典型案例,也有虚构的精彩故事。既有国内的一些案例,也有国外一些故事。 | |
| 510 | 1 | @aLegend of prison break@zeng |
| 517 | 1 | @a史上最经典的28个越狱故事@Ashi shang zui jing dian de 28 ge yue yu gu shi |
| 606 | 0 | @a故事@Agu shi@y中国@z现代@j选集 |
| 690 | @aI247.8@v4 | |
| 701 | 0 | @a张端@Azhang duan@4著 |
| 701 | 0 | @a亚梅@Aya mei@4著 |
| 701 | 0 | @a文华@Awen hua@4著 |
| 801 | 0 | @aCN@bQSSK@c20091128 |
| 905 | @b767300-02@dI247.8@eZ095@f3 | |
| 越狱传奇= The legend of prison break:史上最经典的28个越狱故事/张端, 亚梅, 文华著.-北京:中国工人出版社,2009.01 |
| 229页;24cm |
| ISBN 978-7-5008-4170-8:CNY26.00 |
| 本书讲述的是监狱和罪犯的故事。其中既有真实的典型案例,也有虚构的精彩故事。既有国内的一些案例,也有国外一些故事。 |
| ● |
| 相关链接 |
|
|
|
正题名:越狱传奇
索取号:I247.8/Z095
 
预约/预借
| 序号 | 登录号 | 条形码 | 馆藏地/架位号 | 状态 | 备注 |
| 1 | 767300 | 207673007 | 文学库108/108文学库 63排10列4层/ [索取号:I247.8/Z095] | 在馆 | |
| 2 | 767301 | 207673016 | 社科二线422/422社科库 2排1列4层/ [索取号:I247.8/Z095] | 在馆 | |
| 3 | 767302 | 207673025 | 文学库108/108文学库 63排10列4层/ [索取号:I247.8/Z095] | 在馆 |